[Event "Civil Service Ch 20th"]
[Site "Leeds"]
[Date "2010.07.21"]
[Round "1.1"]
[White "Nisbet, Alex Ian"]
[Black "Wager, John D"]
[Result "0-1"]
[WhiteElo "2146"]
[BlackElo "1994"]
[PlyCount "92"]
[EventDate "2010.07.21"]
[EventType "swiss"]
[EventRounds "5"]
[EventCountry "ENG"]
[SourceTitle "BritBase"]
[Source "John Saunders"]
[SourceDate "2024.12.03"]
[SourceVersion "1"]
[SourceVersionDate "2024.12.03"]
[SourceQuality "1"]

1. d4 Nc6 2. Bf4 d6 3. Nf3 Nf6 4. c4 Bg4 5. e3 e5 6. dxe5 dxe5 7. Qxd8+ Rxd8 8. Bg3 e4 9. Nfd2 Rd7 10. a3 Be7 11. Be2 Bf5 12. O-O O-O 13. b4 Rfd8 14. Nb3 Bg6 15. Nc3 a6 16. Rfd1 Kf8 17. Rxd7 Rxd7 18. Rd1 Ke8 19. Rxd7 Kxd7 20. Nd2 a5 21. b5 Nd8 22. a4 Bb4 23. Be5 Ne6 24. Bxf6 gxf6 25. Ndxe4 c6 26. Nxf6+ Ke7 27. Nce4 Nc5 28. Nxc5 Bxc5 29. Ng4 Ke6 30. bxc6 bxc6 31. Bf3 h5 32. Nh6 Bf8 33. Nxf7 Bxf7 34. Bxc6 Kd6 35. Bb5 Kc5 36. Kf1 Bxc4+ 37. Bxc4 Kxc4 38. h4 Kd3 39. g3 Bb4 40. Kg2 Ke4 41. g4 hxg4 42. Kg3 Kf5 43. h5 Bd6+ 44. Kh4 Be7+ 45. Kg3 Bg5 46. Kg2 Bh4 0-1

[Event "Civil Service Ch 20th"]
[Site "Leeds"]
[Date "2010.07.21"]
[Round "1.2"]
[White "Brocklehurst, Andrew"]
[Black "Thurlow, Kevin J"]
[Result "1/2-1/2"]
[WhiteElo "2122"]
[BlackElo "2122"]
[PlyCount "61"]
[EventDate "2010.07.21"]
[EventType "swiss"]
[EventRounds "5"]
[EventCountry "ENG"]
[SourceTitle "BritBase"]
[Source "John Saunders"]
[SourceDate "2024.12.03"]
[SourceVersion "1"]
[SourceVersionDate "2024.12.03"]
[SourceQuality "1"]

1. e4 c5 2. Nf3 e6 3. Be2 Nc6 4. O-O Nf6 5. Nc3 d5 6. exd5 Nxd5 7. d4 cxd4 8. Nxd4 Nxc3 9. bxc3 Bd7 10. Rb1 Nxd4 11. cxd4 Bc6 12. Bf3 Be7 13. c4 Bxf3 14. Qxf3 b6 15. Qc6+ Kf8 16. Be3 Rc8 17. Qa4 Rc7 18. c5 bxc5 19. dxc5 f6 20. Rfd1 Qc8 21. Bf4 e5 22. Be3 Kf7 23. h3 Qe6 24. c6 Rhc8 25. Rb7 Qxc6 26. Qxc6 Rxc6 27. Rdd7 Re8 28. Rxa7 Ke6 29. f4 f5 30. a4 Bf6 31. Rdc7 1/2-1/2

[Event "Civil Service Ch 20th"]
[Site "Leeds"]
[Date "2010.07.21"]
[Round "1.3"]
[White "Greenacre, Kevin"]
[Black "Lewyk, Ihor"]
[Result "0-1"]
[WhiteElo "1954"]
[BlackElo "2066"]
[PlyCount "138"]
[EventDate "2010.07.21"]
[EventType "swiss"]
[EventRounds "5"]
[EventCountry "ENG"]
[SourceTitle "BritBase"]
[Source "John Saunders"]
[SourceDate "2024.12.03"]
[SourceVersion "1"]
[SourceVersionDate "2024.12.03"]
[SourceQuality "1"]

1. e4 d5 2. exd5 Nf6 3. Bb5+ Bd7 4. Bc4 Bg4 5. f3 Bc8 6. Nc3 Nbd7 7. Ne4 Nb6 8. Nxf6+ exf6 9. d3 Nxd5 10. Ne2 Bc5 11. d4 Be7 12. O-O O-O 13. Bb3 Bf5 14. a3 Re8 15. c4 Nb6 16. Ng3 Bg6 17. f4 f5 18. Re1 Qd7 19. Ne2 Bh5 20. Qd3 Bc5 21. Be3 Bxe2 22. Rxe2 Rxe3 23. Rxe3 Bxd4 24. Rd1 Bxe3+ 25. Qxe3 Qc6 26. Qd4 Rf8 27. c5 Nc8 28. Bd5 Qb5 29. a4 Qa6 30. Re1 c6 31. Bc4 Qa5 32. Bxf7+ Kxf7 33. Qc4+ Kg6 34. Re3 h6 35. Qe6+ Kh7 36. Qe5 Qd8 37. h3 Qf6 38. Qxf6 gxf6 39. Rb3 Rf7 40. a5 a6 41. Kf2 Rd7 42. Ke3 Ne7 43. Kf3 h5 44. Re3 Kg6 45. Re6 Kf7 46. Re3 Ng6 47. Rb3 Nf8 48. g4 fxg4+ 49. hxg4 hxg4+ 50. Kxg4 Ne6 51. Rc3 Rd4 52. Rb3 Nxc5 53. Rb6 Ke6 54. b4 Nd3 55. Rxb7 Rxf4+ 56. Kg3 Rxb4 57. Ra7 Nc5 58. Rc7 Kd5 59. Rf7 Ra4 60. Kf3 Rxa5 61. Rxf6 Ra3+ 62. Ke2 a5 63. Rf5+ Kc4 64. Kd2 Ra2+ 65. Kc1 a4 66. Kb1 Rd2 67. Ka1 Nd3 68. Kb1 Kb3 69. Rf1 Re2 0-1

[Event "Civil Service Ch 20th"]
[Site "Leeds"]
[Date "2010.07.21"]
[Round "1.4"]
[White "Pendlebury, Ian G"]
[Black "Harley-Yeo, Gareth"]
[Result "1/2-1/2"]
[WhiteElo "2042"]
[BlackElo "1986"]
[PlyCount "90"]
[EventDate "2010.07.21"]
[EventType "swiss"]
[EventRounds "5"]
[EventCountry "ENG"]
[SourceTitle "BritBase"]
[Source "John Saunders"]
[SourceDate "2024.12.03"]
[SourceVersion "1"]
[SourceVersionDate "2024.12.03"]
[SourceQuality "1"]

1. d4 d5 2. Nf3 Nf6 3. Bf4 Nbd7 4. e3 h6 5. h3 e6 6. Bd3 Bd6 7. c3 Bxf4 8. exf4 c5 9. Nbd2 O-O 10. g3 cxd4 11. Nxd4 e5 12. fxe5 Nxe5 13. Be2 Qe7 14. Qc2 a6 15. Kf1 b5 16. a3 Bb7 17. N2f3 Ne4 18. Kg2 Rae8 19. Rae1 Qf6 20. Bd1 Nc4 21. Be2 Re7 22. Rhf1 Rfe8 23. Bd3 Ncd6 24. Re3 Qg6 25. Nh4 Qg5 26. Nhf3 Qh5 27. g4 Qg6 28. Bxe4 dxe4 29. Nh4 Qf6 30. Nhf5 Nxf5 31. Nxf5 Rd7 32. Rd1 Red8 33. Rxd7 Rxd7 34. Ng3 Qg6 35. Kf1 Rd3 36. Qe2 Qd6 37. Ke1 Rxe3 38. Qxe3 Qd5 39. Qd2 Qe6 40. Qd8+ Kh7 41. Qd4 g6 42. Ke2 Qe7 43. Nf1 Bc8 44. Ne3 Bb7 45. Nd5 Bxd5 1/2-1/2

[Event "Civil Service Ch 20th"]
[Site "Leeds"]
[Date "2010.07.21"]
[Round "1.5"]
[White "Taylor, Wilfrid RP"]
[Black "Archer, Richard P"]
[Result "0-1"]
[WhiteElo "1826"]
[BlackElo "2050"]
[PlyCount "88"]
[EventDate "2010.07.21"]
[EventType "swiss"]
[EventRounds "5"]
[EventCountry "ENG"]
[SourceTitle "BritBase"]
[Source "John Saunders"]
[SourceDate "2024.12.03"]
[SourceVersion "1"]
[SourceVersionDate "2024.12.03"]
[SourceQuality "1"]

1. e4 c5 2. d4 cxd4 3. c3 d3 4. Bxd3 Nc6 5. Nf3 d6 6. O-O Bg4 7. h3 Bh5 8. c4 e6 9. Be2 Be7 10. Nc3 Nf6 11. Be3 O-O 12. Qd2 Bg6 13. Bd3 Rc8 14. Nh4 Nxe4 15. Bxe4 Bxh4 16. Bxg6 hxg6 17. Nb5 d5 18. cxd5 exd5 19. Rad1 Bf6 20. Qxd5 Qxd5 21. Rxd5 Nb4 22. Rd7 a6 23. Nd6 Rc2 24. Rxb7 Rxb2 25. Nc4 Rxa2 26. Rxb4 Rc8 27. Nb6 Rcc2 28. Nd7 g5 29. Nxf6+ gxf6 30. Bd4 f5 31. Rfb1 Rc6 32. g3 a5 33. Rb8+ Kh7 34. Kg2 a4 35. Ra1 Rxa1 36. Bxa1 Ra6 37. Kf3 a3 38. g4 fxg4+ 39. Kxg4 f6 40. Kf5 a2 41. Rb7+ Kh6 42. Rf7 Ra3 43. Rxf6+ Kh5 44. Rf8 Rf3+ 0-1

[Event "Civil Service Ch 20th"]
[Site "Leeds"]
[Date "2010.07.21"]
[Round "1.6"]
[White "Maxwell, Alistair"]
[Black "Evans, James"]
[Result "1-0"]
[WhiteElo "2066"]
[BlackElo "1618"]
[PlyCount "33"]
[EventDate "2010.07.21"]
[EventType "swiss"]
[EventRounds "5"]
[EventCountry "ENG"]
[SourceTitle "BritBase"]
[Source "John Saunders"]
[SourceDate "2024.12.03"]
[SourceVersion "1"]
[SourceVersionDate "2024.12.03"]
[SourceQuality "1"]

1. e4 c5 2. Nf3 d6 3. d4 cxd4 4. Nxd4 Nf6 5. Nc3 a6 6. Bc4 e6 7. Bb3 b5 8. O-O Be7 9. Qf3 Qc7 10. Qg3 Nc6 11. Nxc6 Qxc6 12. Re1 Bb7 13. Bg5 h6 14. Bxf6 Bxf6 15. Nd5 Bxb2 16. Rad1 O-O-O 17. Ne7+ 1-0

[Event "Civil Service Ch 20th"]
[Site "Leeds"]
[Date "2010.07.21"]
[Round "1.7"]
[White "Ward, Stephen"]
[Black "Brusey, Alan W"]
[Result "0-1"]
[WhiteElo "758"]
[BlackElo "2050"]
[PlyCount "120"]
[EventDate "2010.07.21"]
[EventType "swiss"]
[EventRounds "5"]
[EventCountry "ENG"]
[SourceTitle "BritBase"]
[Source "John Saunders"]
[SourceDate "2024.12.03"]
[SourceVersion "1"]
[SourceVersionDate "2024.12.03"]
[SourceQuality "1"]

1. e4 e6 2. d4 d5 3. Nc3 Bb4 4. Bd2 dxe4 5. Nxe4 Qxd4 6. Nc3 Nf6 7. Nf3 Qd8 8. Bd3 O-O 9. O-O Nbd7 10. a3 Be7 11. h3 Nc5 12. Bc4 Bd7 13. Ne5 Nce4 14. Bd3 Nxd2 15. Nxd7 Nxd7 16. Qxd2 Ne5 17. Qe3 Nxd3 18. cxd3 b6 19. Rfd1 Qd7 20. a4 Bb4 21. Qf4 a5 22. Nb5 c6 23. Nc3 Rfd8 24. Na2 Bd6 25. Qe3 Bc5 26. Qf4 Qd4 27. Qxd4 Rxd4 28. b3 Rad8 29. Nc1 e5 30. Ra2 e4 31. Re2 Ba3 32. Re3 f5 33. f4 Bxc1 34. Rxc1 exd3 35. Rd1 b5 36. axb5 cxb5 37. g3 d2 38. Kf2 Kf7 39. Re5 R8d5 40. Re2 Rd3 41. Re5 Rxe5 42. fxe5 Ke6 43. Ke2 Rxg3 44. Rxd2 Rg2+ 45. Kd3 Rxd2+ 46. Kxd2 Kxe5 47. Ke3 a4 48. bxa4 bxa4 49. Kf3 a3 50. Kg3 a2 51. Kh4 a1=Q 52. Kg3 f4+ 53. Kg4 Qg1+ 54. Kf3 Qg3+ 55. Ke2 Ke4 56. Kd2 Qd3+ 57. Kc1 f3 58. Kb2 f2 59. Kc1 f1=Q+ 60. Kb2 Qfe2+ 0-1

[Event "Civil Service Ch 20th"]
[Site "Leeds"]
[Date "2010.07.21"]
[Round "2.1"]
[White "Wager, John D"]
[Black "Maxwell, Alistair"]
[Result "1-0"]
[WhiteElo "2146"]
[BlackElo "2066"]
[PlyCount "101"]
[EventDate "2010.07.21"]
[EventType "swiss"]
[EventRounds "5"]
[EventCountry "ENG"]
[SourceTitle "BritBase"]
[Source "John Saunders"]
[SourceDate "2024.12.03"]
[SourceVersion "1"]
[SourceVersionDate "2024.12.03"]
[SourceQuality "1"]

1. d4 Nf6 2. Nc3 g6 3. e4 d6 4. f3 Bg7 5. Be3 c6 6. Qd2 Nbd7 7. O-O-O Qa5 8. Kb1 b5 9. g4 Nb6 10. Bh6 Bxh6 11. Qxh6 Nc4 12. Bxc4 bxc4 13. Nge2 Rb8 14. Ka1 Be6 15. h4 Kd7 16. Qd2 d5 17. Nxd5 Qxd2 18. Nxf6+ exf6 19. Rxd2 Kc7 20. c3 h5 21. gxh5 Rxh5 22. Nf4 Rh6 23. d5 cxd5 24. Nxd5+ Kc6 25. Rd4 Kc5 26. Nxf6 g5 27. e5 gxh4 28. Rdxh4 Rxh4 29. Rxh4 Rd8 30. a4 Rd1+ 31. Ka2 Rf1 32. Rd4 Rxf3 33. Ne4+ Kc6 34. Ng5 Rd3 35. Nxe6 fxe6 36. Rxc4+ Kd5 37. Rc7 Kxe5 38. Rxa7 Rd8 39. Re7 Kd6 40. Rh7 e5 41. b4 Kd5 42. Kb3 e4 43. Re7 Rf8 44. a5 Rf1 45. a6 Rb1+ 46. Ka2 Rf1 47. a7 Rf8 48. Kb3 Ra8 49. c4+ Kd4 50. b5 Kc5 51. Re5+ 1-0

[Event "Civil Service Ch 20th"]
[Site "Leeds"]
[Date "2010.07.21"]
[Round "2.2"]
[White "Lewyk, Ihor"]
[Black "Brusey, Alan W"]
[Result "1-0"]
[WhiteElo "2066"]
[BlackElo "2050"]
[PlyCount "83"]
[EventDate "2010.07.21"]
[EventType "swiss"]
[EventRounds "5"]
[EventCountry "ENG"]
[SourceTitle "BritBase"]
[Source "John Saunders"]
[SourceDate "2024.12.03"]
[SourceVersion "1"]
[SourceVersionDate "2024.12.03"]
[SourceQuality "1"]

1. Nf3 d5 2. d4 Nf6 3. e3 Bf5 4. c4 c6 5. Nc3 e6 6. Bd3 Bxd3 7. Qxd3 Bb4 8. O-O Nbd7 9. cxd5 exd5 10. Bd2 O-O 11. a3 Be7 12. Rad1 Re8 13. Ne5 Nxe5 14. dxe5 Nd7 15. f4 Nc5 16. Qc2 a5 17. e4 Nxe4 18. Nxe4 dxe4 19. Be3 Qc7 20. Qxe4 Rad8 21. Bd4 c5 22. Bc3 c4 23. Rd5 Rxd5 24. Qxd5 Qc5+ 25. Qxc5 Bxc5+ 26. Kh1 Bb6 27. Rd1 Rd8 28. Rxd8+ Bxd8 29. Kg1 Bb6+ 30. Kf1 Kf8 31. Ke2 Ke7 32. Kf3 Kd7 33. Ke4 Kc6 34. f5 Bd8 35. g4 b5 36. e6 fxe6 37. Bxg7 exf5+ 38. gxf5 Kd6 39. Be5+ Ke7 40. Kd5 b4 41. axb4 axb4 42. Kxc4 1-0

[Event "Civil Service Ch 20th"]
[Site "Leeds"]
[Date "2010.07.21"]
[Round "2.3"]
[White "Archer, Richard P"]
[Black "Brocklehurst, Andrew"]
[Result "1/2-1/2"]
[WhiteElo "2050"]
[BlackElo "2122"]
[PlyCount "25"]
[EventDate "2010.07.21"]
[EventType "swiss"]
[EventRounds "5"]
[EventCountry "ENG"]
[SourceTitle "BritBase"]
[Source "John Saunders"]
[SourceDate "2024.12.03"]
[SourceVersion "1"]
[SourceVersionDate "2024.12.03"]
[SourceQuality "1"]

1. d4 Nf6 2. Nf3 g6 3. g3 Bg7 4. Bg2 O-O 5. O-O d6 6. Nc3 c6 7. e4 Bg4 8. Be3 Nbd7 9. Qd2 Nb6 10. b4 Bxf3 11. Bxf3 Qc7 12. Bh6 e5 13. Bxg7 1/2-1/2

[Event "Civil Service Ch 20th"]
[Site "Leeds"]
[Date "2010.07.21"]
[Round "2.4"]
[White "Thurlow, Kevin J"]
[Black "Pendlebury, Ian G"]
[Result "1/2-1/2"]
[WhiteElo "2122"]
[BlackElo "2042"]
[PlyCount "64"]
[EventDate "2010.07.21"]
[EventType "swiss"]
[EventRounds "5"]
[EventCountry "ENG"]
[SourceTitle "BritBase"]
[Source "John Saunders"]
[SourceDate "2024.12.03"]
[SourceVersion "1"]
[SourceVersionDate "2024.12.03"]
[SourceQuality "1"]

1. c4 e6 2. Nc3 d5 3. d4 Nf6 4. Bg5 Be7 5. e3 Ne4 6. Bxe7 Qxe7 7. Bd3 Nxc3 8. bxc3 c6 9. Nf3 Nd7 10. O-O O-O 11. e4 b6 12. Re1 Bb7 13. cxd5 cxd5 14. exd5 Bxd5 15. c4 Bxf3 16. Qxf3 Qf6 17. Qe4 g6 18. Re3 Rad8 19. Rd1 Rfe8 20. Rf3 Qe7 21. Bc2 Qd6 22. h4 Kg7 23. h5 f5 24. Qh4 Qe7 25. Qg3 Nf6 26. hxg6 hxg6 27. d5 Qd6 28. Qxd6 Rxd6 29. Ra3 a5 30. c5 bxc5 31. Rxa5 exd5 32. Rxc5 Red8 1/2-1/2

[Event "Civil Service Ch 20th"]
[Site "Leeds"]
[Date "2010.07.21"]
[Round "2.5"]
[White "Harley-Yeo, Gareth"]
[Black "Nisbet, Alex Ian"]
[Result "1-0"]
[WhiteElo "1986"]
[BlackElo "1994"]
[PlyCount "63"]
[EventDate "2010.07.21"]
[EventType "swiss"]
[EventRounds "5"]
[EventCountry "ENG"]
[SourceTitle "BritBase"]
[Source "John Saunders"]
[SourceDate "2024.12.03"]
[SourceVersion "1"]
[SourceVersionDate "2024.12.03"]
[SourceQuality "1"]

1. d4 Nf6 2. c4 e6 3. Nc3 Bb4 4. f3 d5 5. a3 Bxc3+ 6. bxc3 b6 7. cxd5 exd5 8. e3 Bb7 9. Bd3 Nbd7 10. Ne2 O-O 11. Ng3 Re8 12. O-O c5 13. Ra2 Rc8 14. Raf2 cxd4 15. cxd4 Nf8 16. Qd2 Qd7 17. Bb2 Qa4 18. Re1 Ba6 19. Bxa6 Qxa6 20. e4 Ne6 21. e5 Nd7 22. Nf5 Rc6 23. Nd6 Re7 24. f4 Ndf8 25. f5 Nd8 26. f6 Rec7 27. Ne8 Rc8 28. fxg7 Ng6 29. Qh6 Qa5 30. Ref1 Qb5 31. Nf6+ Rxf6 32. exf6 1-0

[Event "Civil Service Ch 20th"]
[Site "Leeds"]
[Date "2010.07.21"]
[Round "2.6"]
[White "Evans, James"]
[Black "Greenacre, Kevin"]
[Result "0-1"]
[WhiteElo "1618"]
[BlackElo "1954"]
[PlyCount "146"]
[EventDate "2010.07.21"]
[EventType "swiss"]
[EventRounds "5"]
[EventCountry "ENG"]
[SourceTitle "BritBase"]
[Source "John Saunders"]
[SourceDate "2024.12.03"]
[SourceVersion "1"]
[SourceVersionDate "2024.12.03"]
[SourceQuality "1"]

1. e4 e6 2. d4 d5 3. Nd2 Nf6 4. e5 Nfd7 5. Bd3 c5 6. c3 Nc6 7. Ne2 cxd4 8. cxd4 f6 9. exf6 Qxf6 10. Nf3 h6 11. a3 Bd6 12. O-O O-O 13. Be3 Rd8 14. Rc1 Nf8 15. Ng3 Bd7 16. Qc2 Rac8 17. Qb1 Be8 18. Rfe1 a6 19. b4 Ng6 20. Nh5 Qf7 21. Bxg6 Qxg6 22. Qxg6 Bxg6 23. Nf4 Bxf4 24. Bxf4 Be4 25. Be3 Bxf3 26. gxf3 Kf7 27. f4 Kf6 28. f3 Ne7 29. Kf2 Rxc1 30. Rxc1 Rc8 31. Rxc8 Nxc8 32. Kg3 Nd6 33. Kg4 g6 34. Kh3 Kf5 35. Kg2 Ne8 36. Bd2 Nf6 37. Kg3 Nh5+ 38. Kf2 Nxf4 39. Kf1 g5 40. Be3 Ng6 41. Kg2 h5 42. Kf2 h4 43. Bd2 Ne7 44. Be3 Nc6 45. h3 e5 46. dxe5 Nxe5 47. Ke2 Ng6 48. Kd3 Nf4+ 49. Kd4 Nxh3 50. Kxd5 Nf4+ 51. Kd6 h3 52. Bg1 g4 53. fxg4+ Kxg4 54. Bh2 b5 55. Kc6 Ne2 56. Kb6 Kf3 57. Kxa6 Nc3 58. Kb6 Kg2 59. Be5 Ne4 60. Kxb5 Ng3 61. Kc5 h2 62. b5 h1=Q 63. b6 Qh5 64. Kd4 Qg4+ 65. Kd5 Qe4+ 66. Kd6 Qb7 67. Kc5 Ne4+ 68. Kd4 Kf3 69. Bc7 Nf6 70. a4 Ne8 71. a5 Nxc7 72. bxc7 Qxc7 73. a6 Qb6+ 0-1

[Event "Civil Service Ch 20th"]
[Site "Leeds"]
[Date "2010.07.21"]
[Round "2.7"]
[White "Ward, Stephen"]
[Black "Taylor, Wilfrid RP"]
[Result "0-1"]
[WhiteElo "758"]
[BlackElo "1826"]
[PlyCount "76"]
[EventDate "2010.07.21"]
[EventType "swiss"]
[EventRounds "5"]
[EventCountry "ENG"]
[SourceTitle "BritBase"]
[Source "John Saunders"]
[SourceDate "2024.12.03"]
[SourceVersion "1"]
[SourceVersionDate "2024.12.03"]
[SourceQuality "1"]

1. e4 e5 2. Nf3 Nf6 3. Nc3 Nc6 4. Bb5 Nd4 5. Bc4 d6 6. Ng5 Ne6 7. Nxe6 Bxe6 8. Bxe6 fxe6 9. O-O Be7 10. d3 O-O 11. Bd2 Qe8 12. Ne2 d5 13. Ng3 Bc5 14. c3 h5 15. h3 h4 16. Ne2 dxe4 17. dxe4 Nxe4 18. Bc1 Nxf2 19. Rxf2 Rxf2 20. Kh1 Qg6 21. Qg1 Rxe2 22. Qf1 Qe4 23. Qf3 Rf8 24. Qxe4 Rxe4 25. Bg5 Rf2 26. b4 Bd6 27. Kg1 Rf5 28. Bd2 Re2 29. Be1 Be7 30. a3 Rg5 31. g4 hxg3 32. Rd1 Bd6 33. Bd2 Rh5 34. Kf1 Rf2+ 35. Kg1 Rxh3 36. Be3 Re2 37. Bd2 g2 38. Be3 Rh1# 0-1

[Event "Civil Service Ch 20th"]
[Site "Leeds"]
[Date "2010.07.22"]
[Round "3.1"]
[White "Lewyk, Ihor"]
[Black "Wager, John D"]
[Result "1/2-1/2"]
[WhiteElo "2066"]
[BlackElo "2146"]
[PlyCount "88"]
[EventDate "2010.07.21"]
[EventType "swiss"]
[EventRounds "5"]
[EventCountry "ENG"]
[SourceTitle "BritBase"]
[Source "John Saunders"]
[SourceDate "2024.12.03"]
[SourceVersion "1"]
[SourceVersionDate "2024.12.03"]
[SourceQuality "1"]

1. g3 f5 2. Bg2 Nf6 3. c4 c5 4. Nc3 Nc6 5. e3 g6 6. d4 cxd4 7. exd4 d6 8. Nge2 Bg7 9. h4 O-O 10. Be3 Ng4 11. Bg5 h6 12. Be3 Nxe3 13. fxe3 e5 14. Bxc6 bxc6 15. d5 c5 16. Qd2 Rb8 17. O-O-O Rb4 18. b3 a5 19. Kc2 Bd7 20. Nc1 a4 21. Nd3 axb3+ 22. axb3 Rb7 23. Ra1 Qf6 24. Ra6 Qe7 25. Re1 Rfb8 26. Ra3 e4 27. Nc1 Be8 28. Rf1 Qe5 29. N1e2 g5 30. hxg5 hxg5 31. Rh1 Bg6 32. Qe1 Qe8 33. Qf2 Qe5 34. Qe1 Rf8 35. Rh3 Qe8 36. Qh1 Be5 37. Qh2 Rff7 38. Nb5 Rh7 39. Ra6 Rxh3 40. Qxh3 Rxb5 41. cxb5 Qxb5 42. Ra8+ Kf7 43. Ra7+ Kg8 44. Ra8+ Kf7 1/2-1/2

[Event "Civil Service Ch 20th"]
[Site "Leeds"]
[Date "2010.07.22"]
[Round "3.2"]
[White "Harley-Yeo, Gareth"]
[Black "Archer, Richard P"]
[Result "1/2-1/2"]
[WhiteElo "1986"]
[BlackElo "2050"]
[PlyCount "32"]
[EventDate "2010.07.21"]
[EventType "swiss"]
[EventRounds "5"]
[EventCountry "ENG"]
[SourceTitle "BritBase"]
[Source "John Saunders"]
[SourceDate "2024.12.03"]
[SourceVersion "1"]
[SourceVersionDate "2024.12.03"]
[SourceQuality "1"]

1. e4 e6 2. Nf3 d5 3. e5 c5 4. Bb5+ Bd7 5. Bxd7+ Nxd7 6. c3 Ne7 7. d4 Nc6 8. O-O Be7 9. b3 O-O 10. Na3 Qa5 11. Nb1 Qb6 12. Ba3 Rac8 13. Qd3 Rc7 14. Nbd2 Rfc8 15. Rfe1 cxd4 16. Bxe7 Nxe7 1/2-1/2

[Event "Civil Service Ch 20th"]
[Site "Leeds"]
[Date "2010.07.22"]
[Round "3.3"]
[White "Brocklehurst, Andrew"]
[Black "Greenacre, Kevin"]
[Result "1/2-1/2"]
[WhiteElo "2122"]
[BlackElo "1954"]
[PlyCount "78"]
[EventDate "2010.07.21"]
[EventType "swiss"]
[EventRounds "5"]
[EventCountry "ENG"]
[SourceTitle "BritBase"]
[Source "John Saunders"]
[SourceDate "2024.12.03"]
[SourceVersion "1"]
[SourceVersionDate "2024.12.03"]
[SourceQuality "1"]

1. e4 e6 2. d4 d5 3. exd5 exd5 4. Nf3 Bd6 5. Bd3 Nf6 6. h3 h6 7. Nc3 a6 8. Be3 Nc6 9. Qd2 Be6 10. g4 Qd7 11. O-O-O Nb4 12. Ne5 Nxd3+ 13. Qxd3 Qe7 14. f4 O-O-O 15. f5 Bd7 16. Rhe1 Qf8 17. g5 hxg5 18. Bxg5 Bb4 19. Nxd7 Rxd7 20. Bxf6 gxf6 21. Kb1 Bxc3 22. Qxc3 Re7 23. a3 Rxe1 24. Rxe1 Qd6 25. Qe3 b5 26. Re2 b4 27. axb4 Qxb4 28. Qd3 Qd6 29. Re3 Kd7 30. c4 Rh4 31. c5 Qc6 32. Rg3 Qb5 33. Qe3 Qf1+ 34. Ka2 Qxf5 35. Rg8 Qe6 36. Qb3 Rxd4 37. Qb7 Ke7 38. Qa8 Ra4+ 39. Kb3 d4+ 1/2-1/2

[Event "Civil Service Ch 20th"]
[Site "Leeds"]
[Date "2010.07.22"]
[Round "3.4"]
[White "Pendlebury, Ian G"]
[Black "Taylor, Wilfrid RP"]
[Result "1-0"]
[WhiteElo "2042"]
[BlackElo "1826"]
[PlyCount "43"]
[EventDate "2010.07.21"]
[EventType "swiss"]
[EventRounds "5"]
[EventCountry "ENG"]
[SourceTitle "BritBase"]
[Source "John Saunders"]
[SourceDate "2024.12.03"]
[SourceVersion "1"]
[SourceVersionDate "2024.12.03"]
[SourceQuality "1"]

1. d4 Nf6 2. Nf3 d5 3. c3 Bf5 4. Bg5 Ne4 5. Bh4 Nd7 6. e3 Ndf6 7. Nbd2 e6 8. Nxe4 Bxe4 9. Bd3 Be7 10. Bxf6 gxf6 11. Bxe4 dxe4 12. Nd2 f5 13. Qh5 Bf6 14. O-O Ke7 15. f3 exf3 16. Rxf3 Qf8 17. e4 fxe4 18. Nxe4 Bg7 19. Ng5 f6 20. Re1 Kd7 21. Nxe6 Qe7 22. Nc5+ 1-0

[Event "Civil Service Ch 20th"]
[Site "Leeds"]
[Date "2010.07.22"]
[Round "3.5"]
[White "Maxwell, Alistair"]
[Black "Thurlow, Kevin J"]
[Result "1/2-1/2"]
[WhiteElo "2066"]
[BlackElo "2122"]
[PlyCount "88"]
[EventDate "2010.07.21"]
[EventType "swiss"]
[EventRounds "5"]
[EventCountry "ENG"]
[SourceTitle "BritBase"]
[Source "John Saunders"]
[SourceDate "2024.12.03"]
[SourceVersion "1"]
[SourceVersionDate "2024.12.03"]
[SourceQuality "1"]

1. c4 Nf6 2. Nc3 c5 3. g3 g6 4. Bg2 Bg7 5. Nf3 O-O 6. O-O d5 7. cxd5 Nxd5 8. Nxd5 Qxd5 9. d3 Nc6 10. Nd2 Qd7 11. Nc4 b6 12. Rb1 Bb7 13. a3 b5 14. Nd2 Rac8 15. Ne4 Nd4 16. b4 cxb4 17. axb4 Ne6 18. Be3 {(=)} f5 19. Nc5 Nxc5 20. Bxc5 Bxg2 21. Kxg2 a5 22. Qb3+ Kh8 23. Rfc1 a4 24. Qa2 f4 25. f3 g5 26. g4 Bf6 27. Bf2 Kg7 28. Rc5 Rxc5 29. Bxc5 Rc8 30. Rc1 h5 31. h3 e5 32. Rc2 hxg4 33. hxg4 Kg6 34. Rc1 Rh8 35. Rh1 Rxh1 36. Kxh1 Qf7 37. Qd2 Qd5 38. d4 exd4 39. Qd3+ Kg7 40. Qxb5 Qb3 41. Qd7+ Kg6 42. Qf5+ Kg7 43. Qd7+ Kg6 44. Qf5+ Kg7 1/2-1/2

[Event "Civil Service Ch 20th"]
[Site "Leeds"]
[Date "2010.07.22"]
[Round "3.6"]
[White "Brusey, Alan W"]
[Black "Evans, James"]
[Result "1-0"]
[WhiteElo "2050"]
[BlackElo "1618"]
[PlyCount "37"]
[EventDate "2010.07.21"]
[EventType "swiss"]
[EventRounds "5"]
[EventCountry "ENG"]
[SourceTitle "BritBase"]
[Source "John Saunders"]
[SourceDate "2024.12.03"]
[SourceVersion "1"]
[SourceVersionDate "2024.12.03"]
[SourceQuality "1"]

1. e4 c5 2. c3 Nf6 3. e5 Nd5 4. d4 cxd4 5. cxd4 d6 6. Bc4 Nb6 7. Bb5+ Bd7 8. e6 fxe6 9. Bd3 g6 10. h4 Qc7 11. h5 g5 12. Bxg5 Nc6 13. Nc3 a6 14. Nf3 O-O-O 15. a3 h6 16. Be3 Be8 17. Qb3 Bf7 18. d5 Na5 19. Qxb6 1-0

[Event "Civil Service Ch 20th"]
[Site "Leeds"]
[Date "2010.07.22"]
[Round "3.7"]
[White "Nisbet, Alex Ian"]
[Black "Ward, Stephen"]
[Result "0-1"]
[WhiteElo "1994"]
[BlackElo "758"]
[PlyCount "60"]
[EventDate "2010.07.21"]
[EventType "swiss"]
[EventRounds "5"]
[EventCountry "ENG"]
[SourceTitle "BritBase"]
[Source "John Saunders"]
[SourceDate "2024.12.03"]
[SourceVersion "1"]
[SourceVersionDate "2024.12.03"]
[SourceQuality "1"]

1. d4 d5 2. Bf4 e6 3. e3 Bd6 4. Bxd6 Qxd6 5. Nd2 a6 6. Ngf3 h6 7. Bd3 Nf6 8. O-O c5 9. c4 cxd4 10. exd4 b6 11. Rc1 Nbd7 12. cxd5 Nxd5 13. Nc4 Qe7 14. Re1 N7f6 15. Nce5 O-O 16. Rc4 a5 17. a3 Ba6 18. Rc6 Bxd3 19. Qxd3 Rab8 20. Rec1 b5 21. R6c5 b4 22. a4 Ra8 23. Nc6 Qb7 24. Nfe5 Nf4 25. Qc2 Qb6 26. Nc4 Qb7 27. g3 Nh3+ 28. Kg2 Ng5 29. f3 Nd7 30. Rxa5 Qxc6 0-1